000 01640nam0a22002891 4500
001 rc\2772009
005 20260408014612.0
035 _a(NLR Aleph) 006898373
090 _a7221242
_c7221242
100 _a20110915d1941 u y0rusy50 ca
101 0 _arus
102 _aRU
105 _aa z |||||
200 1 _aИнструкция по эксплоатации и уходу за электрокраскопраспылителем КУ-100
_e[Разработана Конторой тех. помощи по механизации строит. работ "Техстроймеханизация" треста "Строймеханизация"]
_fИнж. М. П. Фомин
_gНар. ком. по строит-ву СССР, гл. упр. по механизации строит-ва
210 _aМосква
_aЛенинград
_cГосстройиздат
_d1941
_eЛенинград
215 _a20 с.
_cил., черт.
_d20 см.
300 _aНа обороте тит. л. указан автор: инж. М. П. Фомин
702 1 _aФомин
_bМ.П.
_gМихаил Петрович
_4570
712 0 1 _aСССР
_bНародный комиссариат по строительству
_bГлавное управление по механизации строительства
712 0 2 _a"Техстроймеханизация", контора
_cМосква
_3RU\NLR\AUTH\8810177521
_9851134
801 0 _aRU
_bNLR
_gpsbo
801 1 _aRU
_bELAR
_2rusmarc
852 _aNLR
_jТ80 Г-4/92
942 _cBOOK
945 _aРоссийская национальная библиотека
980 _aNB
980 _aBV